[Event "POHÁR města Říčany 2021"]
[Site "Městské kulturní středisko U labutě"]
[Date "2021.08.26"]
[Round "7.11"]
[White "Jun, Rudolf"]
[Black "Holub, Adam"]
[Result "1-0"]
[WhiteElo "2090"]
[BlackElo "1754"]
[PlyCount "0"]
[EventDate "2021.08.21"]

1. e4 c5 2. Nf3 d6 3. Bb5+ Bd7 4. Bxd7+ Qxd7 5. O-O Nc6 6. c4 e5 7. Nc3 g6
8. a3 Bg7 9. Rb1 Nge7 10. Nd5 O-O 11. b4 b5 12. d3 Rab8 13. bxc5 dxc5 14. Bg5
Nxd5 15. cxd5 Nd4 16. Nxd4 cxd4 17. Qb3 Kh8 {ukonceni pro moznost vynechani
tahu} 1-0

[Event "POHÁR města Říčany 2021"]
[Site "Městské kulturní středisko U labutě"]
[Date "2021.08.26"]
[Round "7.12"]
[White "Ruzicka, Filip"]
[Black "Aubrecht, Petr"]
[Result "1-0"]
[WhiteElo "1783"]
[BlackElo "2016"]
[PlyCount "0"]
[EventDate "2021.08.21"]

1. Nf3 Nf6 2. g3 g6 3. b3 Bg7 4. Bb2 O-O 5. Bg2 d5 6. c4 dxc4 7. bxc4 c5 8. O-O
Nc6 9. d3 Bg4 10. Nbd2 Rc8 11. Ne5 Nxe5 12. Bxe5 Qd7 13. Re1 h5 14. Qb3 b6
15. a4 Qf5 16. Qb2 Bh3 17. Nf3 Bxg2 18. Kxg2 Ne8 19. Bxg7 Nxg7 20. a5 bxa5
21. Rxa5 Rc7 22. Rea1 h4 23. Nxh4 Qd7 24. Nf3 1-0

[Event "POHÁR města Říčany 2021"]
[Site "Městské kulturní středisko U labutě"]
[Date "2021.08.26"]
[Round "7.13"]
[White "Pisar, Tomas"]
[Black "Elias, Jakub"]
[Result "0-1"]
[WhiteElo "1528"]
[BlackElo "1982"]
[PlyCount "0"]
[EventDate "2021.08.21"]

1. d4 Nf6 2. Nf3 g6 3. g3 Bg7 4. Bg2 O-O 5. O-O d6 6. c4 Nc6 7. Nc3 a6 8. b3
Rb8 9. Bd2 Nd7 10. e3 e5 11. d5 Ne7 12. e4 h6 13. Ne1 f5 14. f4 b5 15. Rb1 Kh7
16. Qc2 fxe4 17. Nxe4 Nf5 18. Nf3 exf4 19. Bxf4 Nf6 20. Nxf6+ Bxf6 21. g4 Nd4
22. Qd3 bxc4 23. bxc4 Rxb1 24. Rxb1 Nxf3+ 25. Bxf3 Bg7 26. Bg3 Qf6 27. Kg2 a5
28. h4 Ba6 29. h5 Bxc4 30. hxg6+ Kg8 31. Qe4 Qd4 32. Qe6+ Kh8 33. Rh1 Rxf3
34. Qe7 Qd2+ 35. Kxf3 Bxd5+ 0-1

[Event "POHÁR města Říčany 2021"]
[Site "Městské kulturní středisko U labutě"]
[Date "2021.08.26"]
[Round "7.14"]
[White "Pejrimovsky, Tadeas Rubel"]
[Black "Hejsek, Lukas"]
[Result "0-1"]
[WhiteElo "1532"]
[BlackElo "1906"]
[PlyCount "0"]
[EventDate "2021.08.21"]

1. e4 c5 2. b4 cxb4 3. a3 e6 4. axb4 Bxb4 5. c3 Be7 6. d4 d6 7. f4 Nf6 8. Bd3
O-O 9. Nf3 a5 10. O-O b6 11. e5 Nd5 12. Rf2 Ba6 13. Bc2 Nd7 14. Bd2 Rc8 15. g4
dxe5 16. fxe5 f6 17. exf6 Bxf6 18. g5 Be7 19. Nh4 Rxf2 20. Qh5 Rf1+ 21. Kg2 Nf8
22. Nf3 Qe8 23. Qh3 Qb5 24. Kg3 Rxf3+ 25. Kxf3 Qe2+ 26. Kg3 Bd6+ 27. Kh4 0-1

[Event "POHÁR města Říčany 2021"]
[Site "Městské kulturní středisko U labutě"]
[Date "2021.08.26"]
[Round "7.15"]
[White "Seidl, Jan"]
[Black "Bezdek, Tomas"]
[Result "1/2-1/2"]
[WhiteElo "1768"]
[BlackElo "1644"]
[PlyCount "0"]
[EventDate "2021.08.21"]

1. e4 d6 2. d4 Nf6 3. Nc3 Nbd7 4. Nf3 e5 5. Be3 Be7 6. Bc4 O-O 7. O-O c6 8. a4
Qc7 9. h3 b6 10. Re1 Bb7 11. Qd3 d5 1/2-1/2

[Event "POHÁR města Říčany 2021"]
[Site "Městské kulturní středisko U labutě"]
[Date "2021.08.26"]
[Round "7.16"]
[White "Chval, Zdenek"]
[Black "Pavlicek, Petr"]
[Result "1/2-1/2"]
[WhiteElo "2147"]
[BlackElo "1863"]
[PlyCount "0"]
[EventDate "2021.08.21"]

1. e4 e6 2. d4 d5 3. Nc3 dxe4 4. Nxe4 Bd7 5. Nf3 Bc6 6. Bd3 Nd7 7. O-O Ngf6
8. Ng3 Be7 9. c4 O-O 10. Bf4 Bxf3 11. Qxf3 c6 12. Rad1 Qa5 13. a3 Rfe8 14. Rfe1
Nf8 15. Be5 Ng6 16. Nh5 Qd8 17. Bb1 Nxh5 18. Qxh5 Bg5 19. Bg3 Bh6 20. h4 Qf6
21. Bxg6 hxg6 22. Qa5 Bf4 23. Bxf4 Qxf4 24. g3 Qd6 25. h5 b6 26. Qg5 gxh5
27. Qxh5 g6 28. Qh6 1/2-1/2

[Event "POHÁR města Říčany 2021"]
[Site "Městské kulturní středisko U labutě"]
[Date "2021.08.26"]
[Round "7.17"]
[White "Stanek, Ondrej"]
[Black "Strnad, Michael"]
[Result "1/2-1/2"]
[WhiteElo "2072"]
[BlackElo "1868"]
[PlyCount "0"]
[EventDate "2021.08.21"]

1. e4 c5 2. Nf3 g6 3. d4 cxd4 4. Nxd4 Bg7 5. Nc3 Nf6 6. Nce2 Nc6 7. g3 d6
8. Bg2 Be6 9. O-O Qc8 10. Nf4 Bg4 11. Qd2 h5 12. h3 Bd7 13. Kh2 Ne5 1/2-1/2

[Event "POHÁR města Říčany 2021"]
[Site "Městské kulturní středisko U labutě"]
[Date "2021.08.26"]
[Round "7.18"]
[White "Konvalinka, Vladislav"]
[Black "Cermak, Jan"]
[Result "1/2-1/2"]
[WhiteElo "1718"]
[BlackElo "1938"]
[PlyCount "0"]
[EventDate "2021.08.21"]

1. d4 d5 2. c4 c6 3. cxd5 cxd5 4. Bf4 Nf6 5. Nc3 e6 6. e3 Bd6 7. Bxd6 Qxd6
8. f4 O-O 9. Bd3 Nbd7 10. Nf3 Nb6 11. Ne5 Bd7 12. O-O Rfc8 13. Qe2 Na4 14. Nxa4
Bxa4 15. Rac1 Qb4 16. b3 Be8 17. Rc2 Rc3 18. Rfc1 Rac8 19. Qd2 Rxc2 20. Rxc2
Qxd2 21. Rxd2 Rc1+ 22. Kf2 Ne4+ 23. Bxe4 dxe4 24. Nc4 1/2-1/2

[Event "POHÁR města Říčany 2021"]
[Site "Městské kulturní středisko U labutě"]
[Date "2021.08.26"]
[Round "7.19"]
[White "Voracek, Zdenek"]
[Black "Le, Anh Dung"]
[Result "0-1"]
[WhiteElo "1935"]
[BlackElo "1779"]
[PlyCount "0"]
[EventDate "2021.08.21"]

1. d4 Nf6 2. c4 g6 3. Nc3 Bg7 4. e4 d6 5. f3 O-O 6. Be3 c5 7. Nge2 Nc6 8. Qd2
a6 9. Rd1 Qa5 10. d5 Ne5 11. Ng3 h5 12. Be2 h4 13. Nf1 h3 14. Kf2 Bd7 15. g4 b5
16. b3 Nexg4+ 17. fxg4 Qxc3 18. Qd3 bxc4 19. bxc4 Qxd3 20. Bxd3 Nxg4+ 21. Kg3
Rab8 22. Bf4 Rb2 23. Rd2 Rfb8 24. Be2 Ne5 25. Rxb2 Rxb2 26. Nd2 Rxa2 27. Rb1
Ra3+ 28. Kf2 Ng4+ 29. Bxg4 Bxg4 30. Kf1 0-1

[Event "POHÁR města Říčany 2021"]
[Site "Městské kulturní středisko U labutě"]
[Date "2021.08.26"]
[Round "7.20"]
[White "Feierfeil, Jiri"]
[Black "Skala, Jaromir"]
[Result "0-1"]
[WhiteElo "1623"]
[BlackElo "1887"]
[PlyCount "0"]
[EventDate "2021.08.21"]

1. d4 Nf6 2. c4 g6 3. Nc3 Bg7 4. e4 d6 5. Bd3 e5 6. d5 O-O 7. Nge2 a5 8. O-O
Na6 9. f3 Nc5 10. Bc2 Nh5 11. g4 Nf6 12. h3 Bd7 13. Bg5 h6 14. Bh4 Qe8 15. Kg2
Nh7 16. Bf2 b6 17. Qd2 Nf6 18. Be3 Kh7 19. Ng3 Rh8 20. a4 Kg8 21. Nb5 Na6
22. Rac1 h5 23. g5 Nh7 24. h4 f6 25. Ne2 fxg5 26. hxg5 h4 27. Kh2 Nf8 28. b3 Rc8
29. Kh1 Qe7 30. f4 exf4 31. Bxf4 Nc5 32. Nec3 Be5 33. Bxe5 Qxe5 34. Qf4 Qxf4
35. Rxf4 Rh5 0-1

[Event "POHÁR města Říčany 2021"]
[Site "Městské kulturní středisko U labutě"]
[Date "2021.08.26"]
[Round "7.21"]
[White "Bartos, Vaclav"]
[Black "Rucabado, Stefan"]
[Result "1-0"]
[WhiteElo "1879"]
[BlackElo "1549"]
[PlyCount "0"]
[EventDate "2021.08.21"]

1. d4 Nf6 2. c4 g6 3. Nc3 Bg7 4. e4 d6 5. Nf3 O-O 6. Be2 e5 7. d5 a5 8. Bg5 h6
9. Be3 Na6 10. Nd2 Nd7 11. g4 Ndc5 12. Rg1 Kh7 13. Nb3 b6 14. Nxc5 Nxc5 15. Qc2
f5 16. gxf5 gxf5 17. O-O-O f4 18. Bxc5 bxc5 19. Bg4 Bf6 20. f3 Bd7 21. Qg2 Rg8
22. Qh3 Bxg4 23. Rxg4 Rxg4 24. Qxg4 Qc8 25. Rg1 Qxg4 26. Rxg4 Rg8 27. Rxg8 Kxg8
28. Kd2 Kf7 29. Nb5 Bd8 30. a4 Ke7 31. Na7 Kd7 32. Nc6 Bh4 33. Ke2 Kc8 34. Nxa5
Kb8 35. Nc6+ Kb7 36. h3 Kb6 37. Nb8 Ka5 38. b3 Kb6 39. Nd7+ Ka6 40. Nf8 Kb6
41. Ne6 Bf6 42. Kd2 Kb7 43. Kc3 Bh4 44. Ng7 Be1+ 45. Kb2 Bf2 46. Nf5 h5 47. h4
Kb6 48. Ng7 Bxh4 49. Nxh5 Be1 50. Nf6 Kb7 51. Ng8 Kb6 52. Ne7 Bh4 53. Nc6 Be1
54. Kc2 Bb4 55. Nxb4 cxb4 56. Kd2 Ka6 57. Ke2 Ka5 58. Kf2 Ka6 59. Kg2 Kb6
60. Kh3 c6 61. dxc6 Kxc6 62. Kg4 Kc5 63. a5 Kd4 64. a6 Kc3 65. a7 Kxb3 66. a8=Q
Kc2 67. Qb8 b3 68. Qxd6 1-0

[Event "POHÁR města Říčany 2021"]
[Site "Městské kulturní středisko U labutě"]
[Date "2021.08.26"]
[Round "7.22"]
[White "Nentvich, Libor"]
[Black "Zvolensky, David"]
[Result "0-1"]
[WhiteElo "1771"]
[BlackElo "2136"]
[PlyCount "0"]
[EventDate "2021.08.21"]

1. e4 e5 2. Nf3 Nc6 3. d4 exd4 4. Nxd4 Nf6 5. Nxc6 bxc6 6. e5 Qe7 7. Qe2 Nd5
8. c4 Nb6 9. Nc3 Qe6 10. b3 Bb4 11. Bd2 O-O 12. a3 Bc5 13. Qe4 d5 14. Qh4 Qxe5+
15. Be2 d4 16. Qe4 Re8 17. b4 dxc3 18. Qxe5 cxd2+ 19. Kxd2 Rxe5 20. bxc5 Nxc4+
0-1

[Event "POHÁR města Říčany 2021"]
[Site "Městské kulturní středisko U labutě"]
[Date "2021.08.26"]
[Round "7.23"]
[White "Novotny, David"]
[Black "Pressler, Tobias"]
[Result "1-0"]
[WhiteElo "1923"]
[BlackElo "1772"]
[PlyCount "0"]
[EventDate "2021.08.21"]

1. c4 c5 2. Nc3 Nf6 3. g3 g6 4. Bg2 Bg7 5. e4 Nc6 6. Nge2 O-O 7. O-O e5 8. d3
d6 9. h3 Be6 10. Be3 Nd4 11. Kh2 Nd7 12. Rb1 Nc6 13. a3 Rb8 14. b4 b6 15. f4 f6
16. Qa4 Nd4 17. Bxd4 cxd4 18. Nb5 Ra8 19. f5 Bf7 20. Nxd6 Qe7 21. Nxf7 Kxf7
22. c5 bxc5 23. bxc5 Nxc5 24. Qc4+ Ke8 25. Rfc1 Rc8 26. Rb5 Bh6 27. Rc2 1-0

[Event "POHÁR města Říčany 2021"]
[Site "Městské kulturní středisko U labutě"]
[Date "2021.08.26"]
[Round "7.25"]
[White "Svetly, Jiri"]
[Black "Mach, Jan"]
[Result "1-0"]
[WhiteElo "1852"]
[BlackElo "1742"]
[PlyCount "0"]
[EventDate "2021.08.21"]

1. d4 Nf6 2. c4 g6 3. Nc3 d5 4. cxd5 Nxd5 5. Bd2 Bg7 6. e4 Nxc3 7. Bxc3 c5
8. d5 Bxc3+ 9. bxc3 O-O 10. g3 Qa5 11. Qd2 Rd8 12. Nf3 Bd7 13. c4 Qxd2+ 14. Kxd2
Na6 15. Bd3 Ba4 16. a3 Nc7 17. Rab1 Rab8 18. Rb2 b6 19. g4 f6 20. h4 a6 21. Rc1
Bd7 22. Nh2 Rb7 23. f4 Kg7 24. e5 Ba4 25. Ke3 b5 26. Be4 Rdb8 27. Rcb1 a5
28. Nf3 b4 29. axb4 axb4 30. Ra1 Bd7 1-0

[Event "POHÁR města Říčany 2021"]
[Site "Městské kulturní středisko U labutě"]
[Date "2021.08.26"]
[Round "7.26"]
[White "Hrbek, Tomas"]
[Black "Vit, Zdenek"]
[Result "1-0"]
[WhiteElo "1833"]
[BlackElo "1726"]
[PlyCount "0"]
[EventDate "2021.08.21"]

1. d4 Nf6 2. c4 g6 3. Nc3 d5 4. cxd5 Nxd5 5. e4 Nxc3 6. bxc3 Bg7 7. Rb1 O-O
8. Nf3 c5 9. Bc4 Nc6 10. d5 Na5 11. Be2 Bxc3+ 12. Bd2 Bxd2+ 13. Qxd2 b6 14. Qh6
f6 15. h4 Rf7 16. e5 e6 17. h5 gxh5 18. Bd3 exd5 19. Rxh5 Qe7 20. Kf1 Bg4
21. exf6 Qxf6 22. Bxh7+ Kh8 23. Bg6+ 1-0

[Event "POHÁR města Říčany 2021"]
[Site "Městské kulturní středisko U labutě"]
[Date "2021.08.26"]
[Round "7.27"]
[White "Papousek, Michal"]
[Black "Kubice, Jakub"]
[Result "1-0"]
[WhiteElo "1689"]
[BlackElo "1776"]
[PlyCount "0"]
[EventDate "2021.08.21"]

1. d4 d5 2. c4 c6 3. Nc3 Nf6 4. Nf3 dxc4 5. a4 Na6 6. e4 Be6 7. Ne5 Qa5 8. Bd2
Qb6 9. d5 cxd5 10. exd5 Nxd5 11. Nxd5 Bxd5 12. Nxc4 Qc7 13. Ne3 Rd8 14. Nxd5
Rxd5 15. Bb5+ Kd8 16. O-O e6 17. Qe2 Nb4 18. Rac1 Nc6 19. Be3 a6 20. Bxc6 bxc6
21. Qxa6 Kd7 22. Bb6 Qb8 23. Rxc6 Bd6 24. g3 Qa8 25. Qxa8 Rxa8 26. Rc4 Rb8
27. Bd4 e5 28. Bc3 Bc5 29. Rc1 Bd4 30. Bxd4 exd4 31. b4 d3 32. Rd1 Ke8 33. Kf1
1-0

[Event "POHÁR města Říčany 2021"]
[Site "Městské kulturní středisko U labutě"]
[Date "2021.08.26"]
[Round "7.28"]
[White "Bruna, Matous"]
[Black "Vorackova, Jarmila"]
[Result "1-0"]
[WhiteElo "1623"]
[BlackElo "1802"]
[PlyCount "0"]
[EventDate "2021.08.21"]

1. e4 c6 2. Nc3 d5 3. Nf3 dxe4 4. Nxe4 Bg4 5. h3 Bxf3 6. Qxf3 Nd7 7. d4 e6
8. c3 Ngf6 9. Nxf6+ Nxf6 10. Bc4 Be7 11. O-O O-O 12. Bf4 Rc8 13. Rad1 Qb6 14. b4
Nd5 15. Bg3 Rfd8 16. a3 a5 17. Rfe1 Qa7 18. Rc1 b6 19. Be5 c5 20. dxc5 bxc5
21. b5 Nb6 22. Qg4 Bf8 23. a4 Nxa4 24. Bxe6 fxe6 25. Qxa4 Qb6 26. c4 Be7 27. Bc3
Ra8 28. Rcd1 Kf7 29. Rxd8 Bxd8 30. Rd1 Qc7 31. b6 Qxb6 32. Qd7+ Be7 33. Rd3 Qd8
34. Rf3+ Kg8 35. Qxe6+ Kh8 36. Rf7 Qd1+ 37. Kh2 Qd6+ 38. Qe5 Qxe5+ 39. Bxe5 Bf8
40. Bb2 Kg8 41. Rb7 a4 1-0

[Event "POHÁR města Říčany 2021"]
[Site "Městské kulturní středisko U labutě"]
[Date "2021.08.26"]
[Round "7.29"]
[White "Cabart, Pavel"]
[Black "Koper, Stefan"]
[Result "0-1"]
[WhiteElo "1700"]
[BlackElo "1827"]
[PlyCount "0"]
[EventDate "2021.08.21"]

1. e4 e6 2. d4 d5 3. e5 g6 4. Nc3 Bg7 5. f4 h5 6. Be3 Nh6 7. Qd2 Nf5 8. Nf3 b5
9. Bd3 a5 10. b3 c6 11. Bf2 Bf8 12. a3 Nd7 13. Bxf5 exf5 14. O-O Be7 15. Rfe1
Nf8 16. Ne2 Be6 17. Kh1 a4 18. b4 Nd7 19. Neg1 Nb6 20. Nh3 Nc4 21. Qd3 Kd7
22. Nhg5 Qg8 23. Bh4 Re8 24. Nxe6 fxe6 25. Bxe7 Rxe7 26. h4 Qd8 27. Nd2 Rg7
28. g3 Kc7 29. Nf3 Qe7 30. Ng5 Re8 31. Qc3 Kd7 32. Nf3 Rgg8 33. Ng5 Rc8 34. Nf3
Kc7 35. Ng5 Rg7 36. Nf3 Nb6 37. Ng5 Kd7 38. Nf3 0-1

[Event "POHÁR města Říčany 2021"]
[Site "Městské kulturní středisko U labutě"]
[Date "2021.08.26"]
[Round "7.30"]
[White "Jankovsky, Zbynek"]
[Black "Chmelik, Ladislav"]
[Result "1-0"]
[WhiteElo "1564"]
[BlackElo "1732"]
[PlyCount "0"]
[EventDate "2021.08.21"]

1. e4 d6 2. Bc4 Nf6 3. Nc3 e5 4. d3 Nc6 5. f4 Bg4 6. Nge2 Na5 7. Qd2 Nxc4
8. dxc4 c6 9. h3 Bxe2 10. Qxe2 Qb6 11. Bd2 Be7 12. Na4 Qc7 13. O-O O-O 14. fxe5
dxe5 15. Bc3 a6 16. b3 b5 17. Nb2 Bc5+ 18. Kh1 Rad8 19. Rad1 Rfe8 20. Rxd8 Rxd8
21. Nd3 Bd4 22. Bd2 Nd7 23. c3 bxc4 24. bxc4 Bb6 25. Rf3 Nc5 26. Nxc5 Bxc5
27. Be3 Qb6 28. Bg5 f6 29. Bxf6 gxf6 30. Rxf6 Qb1+ 31. Kh2 Qd3 32. Qg4+ Kh8
33. Qf5 1-0

[Event "POHÁR města Říčany 2021"]
[Site "Městské kulturní středisko U labutě"]
[Date "2021.08.26"]
[Round "7.31"]
[White "Tichy, Tomas"]
[Black "Kacirek, Pavel"]
[Result "1/2-1/2"]
[WhiteElo "1513"]
[BlackElo "1718"]
[PlyCount "0"]
[EventDate "2021.08.21"]

1. e4 e6 2. d4 d5 3. Nc3 Bb4 4. exd5 exd5 5. Bd3 Nf6 6. Nf3 O-O 7. O-O Bg4
8. Bg5 c6 9. Re1 Nbd7 10. h3 Bh5 11. g4 Bg6 12. Ne5 Qc7 13. f4 Bxd3 14. Qxd3
Bxc3 15. bxc3 Ne4 16. Bh4 f6 17. Nxd7 Qxd7 18. c4 Qd6 19. cxd5 cxd5 20. c4 Qxf4
21. cxd5 Rfe8 22. Rf1 Qd6 23. Rae1 Qxd5 24. Rf5 Qc6 25. d5 Qb6+ 26. Qe3 Qxe3+
27. Rxe3 Nd6 28. Rff3 Kf7 29. Bg3 Rxe3 30. Rxe3 Rd8 31. Rb3 b6 32. Rc3 Nb5
33. Rd3 Rd7 34. a4 Nc7 35. d6 Ne6 36. Kg2 Nc5 37. Rd4 Nb7 38. Rd2 Ke6 39. Re2+
Kd5 40. Rd2+ Kc6 41. Rc2+ Nc5 42. a5 Kb7 43. axb6 axb6 44. Kf3 Kc6 45. Rb2 Ra7
46. Re2 g6 47. Rb2 Ra3+ 48. Kg2 Ne4 49. Bh2 Rd3 50. Rc2+ Rc3 51. Rb2 Nc5 52. Rd2
Rd3 53. Rb2 b5 54. Rc2 b4 55. Bg1 b3 56. Rxc5+ Kxd6 57. Rb5 Kc6 58. Rc5+ Kd6
59. Rb5 Kc6 60. Rc5+ Kd6 1/2-1/2

[Event "POHÁR města Říčany 2021"]
[Site "Městské kulturní středisko U labutě"]
[Date "2021.08.26"]
[Round "7.32"]
[White "Petras, Milan"]
[Black "Hampel, Rudolf"]
[Result "1-0"]
[WhiteElo "1938"]
[BlackElo "1593"]
[PlyCount "0"]
[EventDate "2021.08.21"]

1. e4 c5 2. Nc3 e6 3. d3 d5 4. g3 d4 5. Nce2 Nc6 6. f4 b6 7. Nf3 Bb7 8. Bg2 Qc7
9. O-O Nf6 10. Bd2 Be7 11. h3 h5 12. Ng5 Nh7 13. h4 Nxg5 14. hxg5 g6 15. c3 dxc3
16. bxc3 Rd8 17. Qc2 f6 18. gxf6 Bxf6 19. e5 Be7 20. Be3 Na5 21. d4 Kf7 22. f5
gxf5 23. Rxf5+ Ke8 24. Rf2 Bxg2 25. Kxg2 Nc6 26. Qg6+ Kd7 27. Nf4 Nxd4 28. cxd4
Rdg8 29. Qxe6+ Ke8 30. Nd5 1-0

[Event "POHÁR města Říčany 2021"]
[Site "Městské kulturní středisko U labutě"]
[Date "2021.08.26"]
[Round "7.33"]
[White "Vilimova, Julie"]
[Black "Kalvach, Ladislav"]
[Result "1-0"]
[WhiteElo "1805"]
[BlackElo "1771"]
[PlyCount "0"]
[EventDate "2021.08.21"]

1. d4 Nf6 2. c4 e6 3. Nc3 Bb4 4. Qc2 d5 5. cxd5 exd5 6. Bg5 O-O 7. e3 Nbd7
8. a3 Bxc3+ 9. Qxc3 h6 10. Bh4 c6 11. Bd3 Re8 12. Qc2 Qb6 13. Ne2 a5 14. b3 Ne4
15. f3 Ng5 16. Bf2 Nf6 17. O-O Bd7 18. Rab1 Ne6 19. Kh1 Rac8 20. e4 dxe4
21. fxe4 Ng5 22. Ng3 Qc7 23. Rbc1 Qf4 24. Bg1 Qh4 25. Rce1 Ng4 26. e5 g6 27. Ne4
Nxe4 28. Bxe4 Be6 29. Re2 Bd5 30. Bxd5 cxd5 31. Qd3 Re6 32. Qf3 Rc7 33. Qxd5 Qg5
34. Qxa5 Rec6 35. Qd2 Qh4 36. d5 Rd7 37. dxc6 Rxd2 38. Rxd2 bxc6 1-0

[Event "POHÁR města Říčany 2021"]
[Site "Městské kulturní středisko U labutě"]
[Date "2021.08.26"]
[Round "7.34"]
[White "Blazek, Miroslav"]
[Black "Kleprlik, Jan"]
[Result "1-0"]
[WhiteElo "1801"]
[BlackElo "1533"]
[PlyCount "0"]
[EventDate "2021.08.21"]

1. c4 e5 2. Nc3 Nf6 3. g3 d5 4. cxd5 Nxd5 5. Bg2 Nxc3 6. bxc3 c6 7. Qb3 Qc7
8. Rb1 b6 9. d3 Bb7 10. Nf3 c5 11. O-O Bd6 12. Qa4+ Qd7 1-0

[Event "POHÁR města Říčany 2021"]
[Site "Městské kulturní středisko U labutě"]
[Date "2021.08.26"]
[Round "7.35"]
[White "Pejrimovska, Viola Ruby"]
[Black "Chon, Jeremy"]
[Result "0-1"]
[WhiteElo "1773"]
[BlackElo "1454"]
[PlyCount "0"]
[EventDate "2021.08.21"]

1. e4 c5 2. b4 cxb4 3. a3 d5 4. exd5 Qxd5 5. Nf3 e5 6. c4 Qe6 7. Bd3 e4 8. O-O
Qf6 9. Bxe4 Qxa1 10. Qb3 Qf6 11. d4 Nc6 12. Re1 Be7 13. Bb2 Qg5 14. d5 Nd8
15. d6 Nc6 16. axb4 Be6 17. Qa4 Rc8 18. Ne5 Bxd6 19. Nxc6 bxc6 20. Bxc6+ Kf8
21. g3 Qg6 22. Kf1 Be7 23. Nd2 Qg5 24. f3 Rb8 25. Bc3 Bf6 26. Qxa7 Rc8 0-1